1988 1308 1264 1720 1730 1237 1946 1038 1315 1752 1015 1295 1969 1601 1809 1260 1026 1348 1713 1491 1062 1261 1958 1910 1526 1346 1462 1725 1247 1122 1779 1854 1951 1095 1268 1105 1316 1339 1666 1546 1911 1734 1534 1804 1785 1839 1309 1368 1893 1924 1051 1492 1395 1641 1081 1254 1079 1365 1447 1395 1095 1795 1926 1665 1626 1980 1618 1043 1304 1074 1871 1377 1316 1564 1912 1996 1192 1412 1952 1936 1666 1254 1387 1296 1983 1076 1699 1804 1196 1779 1326 1114 1563 1636 1603 1092 1486 1551 1646 BCNSPRNW ULIB Ver.6.0+V

เปลี่ยนเป็นภาษาไทย

Change to English
 แสดงรายละเอียดบรรณานุกรม
  กลับหน้าหลัก

Brief Record : Get Marc (ISO 2709) : E-mail record : QR code < ปิดหน้าต่าง
LEADER : 00000nam 2200000uu 4500
001    13399108008
003     ULIB
008    110214s2545||||th 000 0 tha d
020    9747195097
060 04 WY160^bส869น 2545
100 0  สุวนีย์ เกี่ยวกิ่งแก้ว
245 10 การพยาบาลจิตเวช /^cสุวนีย์ เกี่ยวกิ่งแก้ว
250    พิมพ์ครั้งที่ 1
260    พิษณุโลก :^bคณะพยาบาลศาสตร์ มหาวิทยาลัยนเรศวร,^c2545
300    267 หน้า :^bภาพประกอบ ;^c29 ซม.
650  7 การพยาบาลจิตเวชศาสตร์
650  7 จิตผิดปกติ
650  7 ความวิตกกังวล
650  7 ความซึมเศร้า
710 2  มหาวิทยาลัยนเรศวร. ^bคณะพยาบาลศาสตร์
945    ^p0^l0^i015663
995    เกษร
999    ^aใช้งานได้ทุกระบบ
รายการนี้ยังไม่มีแท็ก
คุณยังไม่ได้ล็อกอิน คุณสามารถมีกิจกรรมร่วมกับเว็บไซต์ได้ แต่ต้องล็อกอินก่อน ::
  ล็อกอิน

รายการสื่อสารสนเทศ

ลำดับที่ ประเภท เลขเรียก/บาร์โค้ด สถานที่ สถานะ
- ไม่พบข้อมูล -

รายการใกล้เคียง
    ผู้แต่ง [สุวนีย์ เกี่ยวกิ่งแก้ว]

    หัวเรื่อง [การพยาบาลจิตเวชศาสตร์]
    หัวเรื่อง [จิตผิดปกติ]
    หัวเรื่อง [ความวิตกกังวล]
    หัวเรื่อง [ความซึมเศร้า]

BibComment


ยังไม่เคยถูกคอมเมนท์

คอมเมนท์ทรัพยากรรายการนี้
  คอมเมนท์: การพยาบาลจิตเวช ..


 Copyright 2026. Bcnsprnw @Library